Электродвигатель в его историческом развитии: Документы и материалы

Bibliografski detalji
Autor kompanije: Академия наук СССР (АН СССР)
Daljnji autori: Ефремов Д. В. (составитель), Радовский М. И. (редактор), Миткевич В. Ф. Владимир Федорович
Jezik:ruski
Izdano: Москва, Изд-во Академии наук СССР, 1936
Serija:Труды Института истории науки и техники
Teme:
Format: MixedMaterials Knjiga
KOHA link:https://koha.lib.tpu.ru/cgi-bin/koha/opac-detail.pl?biblionumber=157954

MARC

LEADER 00000nam0a2200000 4500
001 157954
005 20231101222012.0
035 |a (RuTPU)RU\TPU\book\171333 
090 |a 157954 
100 |a 20090416d1936 m y0rusy50 ca 
101 0 |a rus 
102 |a RU 
105 |a f z 001zy 
200 1 |a  Электродвигатель в его историческом развитии  |e Документы и материалы  |v I.  |f Академия наук СССР (АН СССР) ; сост. Д. В. Ефремов, М. И. Радовский ; под ред. академика В. Ф. Миткевича 
210 |a Москва  |c Изд-во Академии наук СССР  |d  1936 
215 |a 660 с.  |c ил. 
225 1 |a Труды Института истории науки и техники  |e серия 3  |h Вып. 2 
320 |a Указ. имен: с. 646-651 
320 |a Предм. указ.: с. 652-656. 
610 1 |a электродвигатели 
610 1 |a развитие 
610 1 |a история 
675 |a 621.3 (09)  |v 3 
702 1 |a  Ефремов  |b  Д. В.  |4 220 
702 1 |a  Радовский  |b М. И.  |4 220 
702 1 |a Миткевич  |b В. Ф.  |c российский физик  |c электротехник  |f 1872-1951  |g Владимир Федорович  |2 stltpush  |3 (RuTPU)RU\TPU\pers\15601  |4 340  |9 5412 
712 0 2 |a Академия наук СССР (АН СССР)  |2 stltpush  |3 (RuTPU)RU\TPU\col\722 
801 1 |a RU  |b 63413507  |c 20090416  |g PSBO 
801 2 |a RU  |b 63413507  |c 20200708  |g RCR 
942 |c BK